La casa de Bernarda Alba : / (Registro nro. 38543)
[ vista simple ]
| 000 -CABECERA | |
|---|---|
| campo de control de longitud fija | 00698cam a2200217 a 4500 |
| 001 - NÚMERO DE CONTROL | |
| campo de control | 000039053 |
| 005 - FECHA Y HORA DE LA ÚLTIMA TRANSACCIÓN | |
| campo de control | 20210409114021.0 |
| 008 - DATOS DE LONGITUD FIJA--INFORMACIÓN GENERAL | |
| campo de control de longitud fija | 830301s2011 mx 000 0 spa d |
| 020 ## - NÚMERO INTERNACIONAL ESTÁNDAR DEL LIBRO | |
| Número Internacional Estándar del Libro | 8420633585 |
| 040 ## - FUENTE DE LA CATALOGACIÓN | |
| Centro catalogador/agencia de origen | DO-SdBNP |
| Lengua de catalogación | spa |
| Centro/agencia transcriptor | BNPHU |
| 082 ## - NÚMERO DE LA CLASIFICACIÓN DECIMAL DEWEY | |
| Número de clasificación | 862.62 |
| Número de documento/Ítem | G216c |
| 100 ## - ENTRADA PRINCIPAL--NOMBRE DE PERSONA | |
| Nombre de persona | García Lorca, Federico, |
| Fechas asociadas al nombre | 1898-1936 |
| 9 (RLIN) | 14727 |
| 245 13 - MENCIÓN DE TÍTULO | |
| Título | La casa de Bernarda Alba : / |
| Mención de responsabilidad, etc. | Federico García Lorca ; edición de. |
| 260 ## - PUBLICACIÓN, DISTRIBUCIÓN, ETC. | |
| Lugar de publicación, distribución, etc. | México : |
| Nombre del editor, distribuidor, etc. | Ediciones Leyenda , |
| Fecha de publicación, distribución, etc. | 2011. |
| 300 ## - DESCRIPCIÓN FÍSICA | |
| Extensión | 73 p. : ; |
| Dimensiones | 21cm. |
| 490 13 - MENCIÓN DE SERIE | |
| Mención de serie | Clásicos |
| 504 ## - NOTA DE BIBLIOGRAFÍA, ETC. | |
| Nota de bibliografía, etc. | Incluye datos biográficos del autor en la solapa |
| 650 #4 - PUNTO DE ACCESO ADICIONAL DE MATERIA--TÉRMINO DE MATERIA | |
| Término de materia o nombre geográfico como elemento de entrada | Teatro español |
| 9 (RLIN) | 3071 |
| 650 #4 - PUNTO DE ACCESO ADICIONAL DE MATERIA--TÉRMINO DE MATERIA | |
| Término de materia o nombre geográfico como elemento de entrada | Literatura española |
| Subdivisión cronológica | SIGLO XX |
| 9 (RLIN) | 3326 |
| 830 #0 - PUNTO DE ACCESO ADICIONAL DE SERIE-TÍTULO UNIFORME | |
| Título uniforme | Clásicos |
| 9 (RLIN) | 9850 |
| Estado de retiro | Estado de pérdida | Restricciones de uso | No para préstamo | Código de colección | Localización permanente | Ubicación/localización actual | Ubicación en estantería | Fecha de adquisición | Número de inventario | Total de préstamos | Signatura topográfica completa | Código de barras | Fecha visto por última vez | Precio válido a partir de | Tipo de ítem Koha | Número de copia |
|---|---|---|---|---|---|---|---|---|---|---|---|---|---|---|---|---|
| Excluido de préstamo | Monografías: Libros y Folletos | General | General | En catalogación | 16.05.2013 | LF1 | 862.62 G216c | 39053-10 | 25.06.2020 | 25.06.2020 | No se presta | |||||
| Préstamo interno | Préstamo restrigido | Monografías: Libros y Folletos | General | General | En catalogación | 16.05.2013 | LF1 | 862.62 G216c | 39053-20 | 25.06.2020 | 25.06.2020 | Préstamo interno | e. 2 | |||
| Préstamo interno | Monografías: Libros y Folletos | General | General | En catalogación | 27.05.2013 | LF1 | 862.62 G216c | 39053-30 | 25.06.2020 | 25.06.2020 | Préstamo interno | e. 3 |
